Vamos a aprender español - marzo - Estadísticas

Estadísticas generales
  • Esta prueba ha sido intentada 41 veces
    40 desde el último reinicio
  • La puntuación promedio es 14 de 50
Estadísticas de respuestas
Español Inglés % Correcto
Plata Silver
100%
Una boca Mouth
100%
Una inflación Inflation
100%
Una pera Pear
100%
Un huevo Egg
100%
Un tomate Tomato
75%
Una costa Coast
67%
Una estrella Star
67%
Una oreja Ear
67%
Un beso Kiss
67%
Un maiz Corn
67%
Un tenedor Fork
67%
Un vampiro Vampire
67%
Un zumo Juice
67%
Un banco Bank
60%
Un jefe Boss
60%
Un diario Diary
57%
Juventud Youth
50%
Una arma Weapon
50%
Una cereza Cherry
50%
Una ciencia Science
50%
Una depresión Depression
50%
Una espalda Back
50%
Una silla de ruedas Wheelchair
50%
Unas uvas Grapes
50%
Una ventana Window
50%
Un cerdo Pig
50%
Un cerebro Brain
50%
Un clima Climate
50%
Un embarazo Pregnancy
50%
Un oxigeno Oxygen
50%
Un talento Talent
50%
Un volcàn Volcano
50%
Anonimo Anonymous / Nameless
43%
Una ambulancia Ambulance
40%
Una hambre Hunger
40%
Una planta Plant
40%
Una sed Thirst
40%
Un rio River
40%
Un viento Wind
40%
Una amistad Friendship
33%
Una esperanza Hope
33%
Una flor Flower
33%
Una lava Lava
33%
Una mejilla Cheek
33%
Una mostaza Mustard
33%
Una radio Radio
33%
Un elefante Elephant
33%
Un espejo Mirror
33%
Un hielo Ice
33%
Un plato Plate
33%
Un robot Robot
33%
Un unicornio Unicorn
33%
Una piel Skin
29%
Una alergia Allergy
25%
Una higiene Hygiene
25%
Una mapa Map
25%
Un ángel Angel
25%
Una vaca Cow
25%
Un delfín Dolphin
25%
Un león Lion
25%
Un miel Honey
25%
Un pecho Breast
25%
Un vaso Glass
25%
Una panaderia Bakery
20%
Una pluma Feather
20%
Un cuero Leather
20%
Un detalle Detail
20%
Un infierno Hell
20%
Un pato Duck
20%
Un vestido Dress
20%
Una bufanda Scarf
17%
Un cuello Neck
17%
Un miedo Fear
17%
Una clínica Clinic
14%
Una seda Silk
14%
Amenazar To threaten
0%
Apretar To tighten
0%
Una aguja Needle
0%
Una ardilla Squirrel
0%
Una arena Sand
0%
Una atmosfera / Un ambiente Atmosphere / Ambiance
0%
Una ballena Whale
0%
Una baya Berry
0%
Una boda Wedding
0%
Una cabra Goat
0%
Una cancion Song
0%
Una carniceria Butchery
0%
Una carretera Road
0%
Una cartera Wallet
0%
Una cascada Waterfall
0%
Una confianza Trust
0%
Una consonante Consonant
0%
Una corona Crown
0%
Una cosecha Harvest
0%
Una cuchara Spoon
0%
Una dictadura Dictatorship
0%
Una escalera Ladder
0%
Una escoba Broom
0%
Una fantasma Ghost
0%
Una fiebre Fever
0%
Una gaviota Seagull
0%
Una hierba Grass
0%
Una judia Bean
0%
Una lechuza Owl
0%
Una lluvia Rain
0%
Una mezquita Mosque
0%
Una monarquia Monarchy
0%
Una nariz Nose
0%
Una niebla Fog
0%
Una ola Wave
0%
Una rueda Wheel
0%
Un ascensor Lift
0%
Una sierra Saa
0%
Una sombra Shadow
0%
Unas tijeras Scissors
0%
Una toalla Towel
0%
Una valla Fence
0%
Una varita magica Wand
0%
Un bosque Forest
0%
Un caballero Knight
0%
Un cajón / Una gaveta Drawer
0%
Un calcetin Sock
0%
Un camion Truck / Lorry
0%
Un codo Elbow
0%
Un coro Choir
0%
Un craneo Skull
0%
Un dado Dice
0%
Un dedo Finger
0%
Un dedo del pie Toe
0%
Un desastre Catastrophe
0%
Un deseo Wish
0%
Un diente Tootth
0%
Un erizo Hedgehog
0%
Un fuego Fire
0%
Un ganso Goose
0%
Un guiño Wink / Blink of eye
0%
Un guisante Pea
0%
Un hueso Bone
0%
Un iman Magnet
0%
Un melocotón Peach
0%
Un órgano Organ
0%
Unos fuegos artificiales Firework
0%
Un pañuelo Handkerchief / Tissue
0%
Un pegamento / Una cola Glue
0%
Un pepino / Un cogombro Cucumber
0%
Un polvo Dust
0%
Un puerto Harbour
0%
Un respeto Respect
0%
Un riñón Kidney
0%
Un ritmo Rhythm
0%
Un tiempo Weather
0%
Un valle Valley
0%
Un vocal Vowel
0%
Un zorro Fox
0%
No se encontraron pruebas coincidentes
Distribución de puntuación
Porcentaje de gente con cada puntuación
Porcentaje por número respondido
Historial de tus puntuaciones
No has intentado esta prueba desde el último reinicio